Smorfia napoletana - Quiz n°5 - Statistics

Statistiche generali
  • Questo quiz è stato fatto 18 volte
  • Il punteggio medio è 5 su 15
Statistiche sulle risposte
Hint Risposta % Corretto
La bambina 2
73%
La madonna 8
67%
La bocca 80
47%
Il soldato 12
33%
La risata 19
33%
Il padrone di casa 31
33%
Il coltello 41
33%
Il denaro 46
33%
Il cappello 54
33%
I pidocchi 87
33%
La piccola Anna 26
27%
Il monaco 37
27%
Il morto ammazzato 62
20%
Il totano nella chitarra 67
20%
Pulcinella 75
20%
Nessun quiz corrispondente trovato
Distribuzione punteggi
Percentuale di utenti per punteggio
Percentile per numero di risposta
I tuoi punteggi nel tempo
Non hai fatto questo quiz